Szeged. - 1921. augusztus 9., Kedd
Elmentve itt :
| Dokumentumtípus: | Újság |
|---|---|
| Megjelent: |
1921-08-09
|
| Sorozat: | Szeged
2 No. 181 |
| Online Access: | http://dmarchiv.bibl.u-szeged.hu/3685 |
| LEADER | 00462nas a2200145 i 4500 | ||
|---|---|---|---|
| 001 | delm3685 | ||
| 005 | 20200414151621.0 | ||
| 008 | 171213s1921 hu n o 0|| hun d | ||
| 022 | |a 0133-025X | ||
| 040 | |a SZTE Délmagyarország Archívum |b hun | ||
| 041 | |a hun | ||
| 245 | 0 | 0 | |a Szeged. - 1921. augusztus 9., Kedd |h [elektronikus dokumentum] |
| 260 | |c 1921-08-09 | ||
| 490 | 0 | |a Szeged |v 2 No. 181 | |
| 856 | 4 | 0 | |u http://dmarchiv.bibl.u-szeged.hu/3685/1/dm_1921_181.pdf |z Dokumentum-elérés |